000 00643nam a22002057a 4500
999 _c645
_d645
003 AR-CdUCM
008 190225b ||||| |||| 00| 0 spa d
040 _aMUNICIPALIDAD PROVINCIAL DEL CUSCO
_cBIBLIOTECA MUNICIPAL DEL CUSCO
082 _a868.31 /
_bC19
100 _aCalderon de la Barca, Don Pedro
_92506
245 _aEl Alcalde de Zalamea /
_cCalderon de la Barca, Don Pedro
260 _aLima :
_bContinental,
300 _a167 paginas ;
_c15cm
505 _aJornada Primera -- Jornada Segunda
650 _aTeatro espaƱol
_9648
650 _aSiglo XX
_98
650 _aEnsayo
_9274
942 _2ddc
_cLIBROS
945 _apjha
_d2019-02-25